| 000 | 00498 a2200181 4500 | ||
|---|---|---|---|
| 003 | OSt | ||
| 005 | 20240212101951.0 | ||
| 008 | 240212b |||||||| |||| 00| 0 eng d | ||
| 020 | _a8187474106 | ||
| 040 | _coclc | ||
| 082 |
_a954.83 _bKUT/M |
||
| 100 |
_aSavankutty _910448 |
||
| 245 |
_aMarikatha Maharethanmar _cSavankutty |
||
| 250 | _a1st ed. | ||
| 260 |
_aCaliocut: _bOlive Publications , _c2003. |
||
| 300 | _a90p. | ||
| 942 |
_2ddc _cBK _h954.83 _iKUT/M _k954.83 _mKUT/M |
||
| 999 |
_c44435 _d44435 |
||